|
|
|
|
| LEADER |
01503nam a2200385Ia 4500 |
| 001 |
EBC282098 |
| 003 |
MiAaPQ |
| 005 |
20200520144314.0 |
| 006 |
m o d | |
| 007 |
cr cn||||||||| |
| 008 |
061215s2007 ne a sb 001 0 eng d |
| 010 |
|
|
|z 2006287918
|
| 020 |
|
|
|z 9780123708977 (alk. paper)
|
| 020 |
|
|
|z 0123708974 (alk. paper)
|
| 020 |
|
|
|z 008046596X
|
| 035 |
|
|
|a (MiAaPQ)EBC282098
|
| 035 |
|
|
|a (Au-PeEL)EBL282098
|
| 035 |
|
|
|a (CaPaEBR)ebr10151443
|
| 035 |
|
|
|a (CaONFJC)MIL70767
|
| 035 |
|
|
|a (OCoLC)476027834
|
| 040 |
|
|
|a MiAaPQ
|c MiAaPQ
|d MiAaPQ
|
| 050 |
|
4 |
|a HD61.5
|b .V45 2007
|
| 100 |
1 |
|
|a Vellani, Karim H.,
|d 1971-
|
| 245 |
1 |
0 |
|a Strategic security management
|h [electronic resource] :
|b a risk assessment guide for decision makers /
|c Karim H. Vellani.
|
| 260 |
|
|
|a Amsterdam ;
|a Boston :
|b Butterworth-Heinemann,
|c c2007.
|
| 300 |
|
|
|a xxi, 389 p. :
|b ill.
|
| 504 |
|
|
|a Includes bibliographical references (p. 357-373) and index.
|
| 533 |
|
|
|a Electronic reproduction. Ann Arbor, MI : ProQuest, 2015. Available via World Wide Web. Access may be limited to ProQuest affiliated libraries.
|
| 650 |
|
0 |
|a Industries
|x Security measures
|x Management.
|
| 650 |
|
0 |
|a Risk assessment.
|
| 650 |
|
0 |
|a Information technology
|x Security measures.
|
| 650 |
|
0 |
|a Management information systems
|x Security measures.
|
| 655 |
|
4 |
|a Electronic books.
|
| 710 |
2 |
|
|a ProQuest (Firm)
|
| 856 |
4 |
0 |
|u https://ebookcentral.proquest.com/lib/matrademy/detail.action?docID=282098
|z Click to View
|